Statistics for Ten Largest Cities in Iceland

Click here to take the quiz!

General Stats

  • This quiz has been taken 32 times
  • The average score is 3 of 10

Answer Stats

RankAnswer% Correct
1Reykjavik
100%
5Akureyri
73%
2Kopavogur
45%
8Selfoss
36%
9Akranes
18%
3Hafnarfjorour
9%
7Mosfellsbaer
9%
10Vestmannaeyjar
9%
6Garoabaer
0%
4Keflavik og Njarovik
0%

Score Distribution

Percentile by Number Answered

Percent of People with Each Score

Your Score History

You have not taken this quiz